000 00437nam a22001577a 4500
005 20231121073500.0
008 231121b |||||||| |||| 00| 0 eng d
041 _aEnglish
082 _a342.9 LOC
100 _lEnglish
245 _aLocal Government and Property Rates :
_bSatellite Broadcast
260 _c2002
300 _b55 pages
_c30,3 cm.
650 _aLegal practice
_bLaw
942 _cBK
_6ALISON_BN_VRIES
999 _c824
_d824